| 000 | 00684nam a2200301Ia 4500 | ||
|---|---|---|---|
| 005 | 20260401122210.0 | ||
| 008 | 008 250103s9999 xx 000 0 eng d | ||
| 020 | _a195665023 | ||
| 037 | _aTB | ||
| 040 | _aEDL | ||
| 040 | _beng | ||
| 040 | _cEDL | ||
| 041 | _2eng | ||
| 041 | _aeng | ||
| 084 | _a891.443 SWA | ||
| 084 | _qEDL | ||
| 100 |
_aSwarnkumari Debi _91232888 |
||
| 245 | 0 | _aUprooted Vine: Snehalata ba Palita, 1892 | |
| 245 | 0 | _cSwarnkumari Debi | |
| 260 | _aNew Delhi | ||
| 260 | _bOxford University Press | ||
| 260 | _c2004 | ||
| 300 | _a253p | ||
| 942 | _cTB | ||
| 942 | _h891.443 SWA | ||
| 999 |
_c1845589 _d1845589 |
||